00555nam a2200181Ia 450000500170000000800410001704000190005804100120007708200160008910000180010524500590012326000500018230000230023250400500025565000250030565100330033085000100036320230704101331.0131103s9999 xx 000 0 und d aLoreto College aEnglish a944.05bTHO aThompson.J.M. aNapoleon Bonoparteb his rise and fall cJ.M.Thompson aOxfordbBasil Blackwellc1951 (1963 printing) avlii,411 p.b ill. aIncludes bibliographical references and index aNapoleon,1769 - 1821 aFrance - History,1804 - 1814 aLCLIB